Cadernos História da pintura no Brasil. Pintura colonial (Record no. 10980)

MARC details
000 -CABECERA
campo de control de longitud fija 01104nam a22002537a 4500
001 - NÚMERO DE CONTROL
campo de control BRCA_9358
003 - IDENTIFICADOR DEL NÚMERO DE CONTROL
campo de control FranzMayer
005 - FECHA Y HORA DE LA ÚLTIMA TRANSACCIÓN
campo de control 20230918122452.0
008 - DATOS DE LONGITUD FIJA--INFORMACIÓN GENERAL
campo de control de longitud fija 230828b |||||||| |||| 00| 0 eng d
040 ## - FUENTE DE LA CATALOGACIÓN
Centro catalogador/agencia de origen MFM
Lengua de catalogación esp
Centro/agencia transcriptor MFM
050 #0 - SIGNATURA TOPOGRÁFICA DE LA BIBLIOTECA DEL CONGRESO
Número de clasificación N6502.2
Número de documento/Ítem I83 1995
110 1# - ENTRADA PRINCIPAL--NOMBRE DE ENTIDAD CORPORATIVA
Código de función/relación Responsable
Nombre de entidad corporativa o nombre de jurisdicción como elemento de entrada Instituto Cultural Itáu
9 (RLIN) 29330
240 ## - TÍTULO UNIFORME
Título uniforme Cadernos História da pintura no Brasil. Pintura colonial
Lenguaje de la obra Portugués
245 0# - MENCIÓN DE TÍTULO
Título Cadernos História da pintura no Brasil. Pintura colonial
260 ## - PUBLICACIÓN, DISTRIBUCIÓN, ETC.
Lugar de publicación, distribución, etc. Sao Paulo, Brasil
Nombre del editor, distribuidor, etc. Instituoto Cultural Itáu
Fecha de publicación, distribución, etc. 1995
300 ## - DESCRIPCIÓN FÍSICA
Extensión 51 p
Otras características físicas Ilustraciones a color
Dimensiones 22 cm
500 ## - NOTA GENERAL
Nota general Anexo 1
500 ## - NOTA GENERAL
Nota general El material ya incluía datos relacionados a la biblioteca, pero no estaba en la base de datos.
505 ## - NOTA DE CONTENIDO CON FORMATO
Nota de contenido con formato Texto en: portuguésIncluye índice temáticoincluye bibliografíaDirigido a: artistas, estudiantes de arte e historiadores de arte
650 1# - PUNTO DE ACCESO ADICIONAL DE MATERIA--TÉRMINO DE MATERIA
Fuente del encabezamiento o término Artes visuales
Término de materia o nombre geográfico como elemento de entrada Historia
Subdivisión de forma Lugares particulares
9 (RLIN) 29331
651 2# - PUNTO DE ACCESO ADICIONAL DE MATERIA--NOMBRE GEOGRÁFICO
Fuente del encabezamiento o término América Latina
Nombre geográfico época colonial
Subdivisión de forma Pintura colonial
9 (RLIN) 29332
710 1# - PUNTO DE ACCESO ADICIONAL--NOMBRE DE ENTIDAD CORPORATIVA
Código de función/relación Col
Nombre de entidad corporativa o nombre de jurisdicción como elemento de entrada Banco de datos informatizado
9 (RLIN) 29333
942 ## - ELEMENTOS DE PUNTO DE ACCESO ADICIONAL (KOHA)
Fuente del sistema de clasificación o colocación Library of Congress Classification
Tipo de ítem Koha Hemerográfico
Holdings
Estado de retiro Estado de pérdida Fuente del sistema de clasificación o colocación Estado dañado No para préstamo Código de colección Localización permanente Ubicación/localización actual Fecha de adquisición Fuente de adquisición Total de préstamos Signatura topográfica completa Código de barras Fecha visto por última vez Precio válido a partir de Tipo de ítem Koha
El ejemplar forma parte de la colección y puede ser consultado según las políticas vigentes.   Library of Congress Classification     Engargolados Biblioteca del Museo Franz Mayer (Rogerio Casas-Alatriste) Biblioteca del Museo Franz Mayer (Rogerio Casas-Alatriste) 28/08/2023 Donación   N6502.2 I83 1995 CONT10118 28/08/2023 28/08/2023 Hemerográfico